000 00777nam0a22002771 4500
001 RU\NLR\INFOCOMM10\ROSSICA\1000012049
005 20250613184950.0
035 _a(NLR Aleph) 009877702
090 _a10455575
_c10455575
100 _a20030724d1871 |||y0rusy50 ca
101 0 _afre
102 _aRU
105 _ay ||||000ay
200 1 _aÉtudes sur les monuments géorgiens photographiés par M.Jermakof, et sur leurs inscriptions
_fBrosset, M.
210 _aSt.Pétersbourg
_d1871
215 _d
300 _aTiré du Bulletin, T.XVI
600 1 _aJermakof
_2PSBO
700 1 _aBrosset
_bM.
_4070
801 1 _aRU
_bInfoComm
_c20030724
801 0 _aRU
_bNLR
_gPSBO
852 _aNLR
_j12.43.3.97
942 _cBOOK
980 _aNB
980 _aRossica